Цветок на земле: повести, рассказы, сказки, статьи

Xehetasun bibliografikoak
Egile nagusia: Платонов А. П. Андрей Платонович
Beste egile batzuk: Мотяшов И. (автор предисловия), Новожилов Г. (иллюстратор)
Hizkuntza:errusiera
Argitaratua: Москва, Молодая гвардия, 1983
Saila:Библиотека юношества
Gaiak:
Formatua: MixedMaterials Liburua
KOHA link:https://koha.lib.tpu.ru/cgi-bin/koha/opac-detail.pl?biblionumber=147225

MARC

LEADER 00000nam0a2200000 4500
001 147225
005 20231101221300.0
020 |a RU  |b 83-82148 
035 |a (RuTPU)RU\TPU\book\159574 
090 |a 147225 
100 |a 20081111d1983 e y0rusy5003 ca 
101 0 |a rus 
102 |a RU 
105 |a a z 000ay 
200 1 |a Цветок на земле  |e повести, рассказы, сказки, статьи  |f А. П. Платонов  |g авт. предисл. И. Мотяшов ; худож. Г. Новожилов 
210 |a Москва  |c Молодая гвардия  |d 1983 
215 |a 414 с.  |c ил., 1 л. портр.  |d 20 см 
225 1 |a Библиотека юношества 
610 1 |a советская литература 
610 1 |a повести 
610 1 |a рассказы 
610 1 |a сказки 
610 1 |a статьи 
675 |a Р2  |z rus 
700 1 |a Платонов  |b А. П.  |c русский писатель  |f 1899-1951  |g Андрей Платонович  |2 stltpush  |3 (RuTPU)RU\TPU\pers\1710  |9 714 
702 1 |a Мотяшов  |b И.  |4 080 
702 1 |a Новожилов  |b Г.  |4 440 
801 0 |a RU  |b RuMRKP  |c 19950704  |g psbo 
801 1 |a RU  |b 63413507  |c 20081111  |g PSBO 
801 2 |a RU  |b 63413507  |c 20081111  |g PSBO 
942 |c BK